[Event "EU-chT U18 "]
[Site "Pardubice"]
[Date "2019.07.15"]
[Round "5.2"]
[White "Bugar, Peter"]
[Black "Ozdemir, Serhan Berat"]
[Result "1/2-1/2"]
[WhiteElo "2002"]
[BlackElo "1985"]
[PlyCount "99"]
[EventDate "2019.07.11"]
[EventType "team-swiss"]
[EventRounds "7"]
[EventCountry "CZE"]
[SourceTitle "CBM 191 Extra"]
[Source "ChessBase"]
[SourceDate "2019.09.30"]
[SourceVersion "1"]
[SourceVersionDate "2019.09.30"]
[SourceQuality "1"]
[WhiteTeam "Slovakia U18 II"]
[BlackTeam "Turkey U18"]
[WhiteTeamCountry "SVK"]
[BlackTeamCountry "TUR"]

1. c4 Nf6 2. Nc3 g6 3. g3 Bg7 4. Bg2 0-0 5. e4 d6 6. Nge2 c5 7. 0-0 Nc6 8. d3 a6 9. a4 Bd7 10. h3 Rb8 11. Be3 Ne8 12. Rb1 Nc7 13. d4 cxd4 14. Nxd4 Nxd4 15. Bxd4 b5 16. Bxg7 Kxg7 17. Qd4+ Kg8 18. Rfd1 b4 19. Nd5 Nxd5 20. Qxd5 Bxa4 21. b3 Bd7 22. Ra1 Qc8 23. h4 Bc6 24. Qg5 Qb7 25. Re1 Ra8 26. Ra5 Qb6 27. Rea1 Ra7 28. h5 Qd4 29. Re1 Qb6 30. Rea1 Qd4 31. Re1 Re8 32. h6 Raa8 33. Qf4 Bb7 34. g4 Rac8 35. Qg3 Rc5 36. Rxc5 Qxc5 37. e5 Bxg2 38. Kxg2 d5 39. e6 f6 40. Re5 Qd4 41. Rxd5 Qe4+ 42. Kh3 Qxe6 43. Qc7 Qe4 44. Kg3 Qh1 45. Qd7 Kf8 46. c5 Qg1+ 47. Kf3 Qh1+ 48. Kg3 Qg1+ 49. Kf3 Qh1+ 50. Kg3 1/2-1/2

[Event "EU-chT U18 "]
[Site "Pardubice"]
[Date "2019.07.14"]
[Round "4.2"]
[White "Bugar, Peter"]
[Black "Zlatin, Alexander"]
[Result "0-1"]
[WhiteElo "2002"]
[BlackElo "2270"]
[PlyCount "122"]
[EventDate "2019.07.11"]
[EventType "team-swiss"]
[EventRounds "7"]
[EventCountry "CZE"]
[SourceTitle "CBM 191 Extra"]
[Source "ChessBase"]
[SourceDate "2019.09.30"]
[SourceVersion "1"]
[SourceVersionDate "2019.09.30"]
[SourceQuality "1"]
[WhiteTeam "Slovakia U18 II"]
[BlackTeam "Israel Rehovot U18"]
[WhiteTeamCountry "SVK"]
[BlackTeamCountry "ISR"]

1. c4 e5 2. g3 Nf6 3. Nc3 d5 4. cxd5 Nxd5 5. Bg2 Nb6 6. e3 Nc6 7. Nge2 Bg4 8. 0-0 Qd7 9. Re1 0-0-0 10. a3 a5 11. Qb3 Be6 12. Qc2 Bf5 13. Ne4 Qd3 14. Qxd3 Rxd3 15. f4 f6 16. Nf2 Rd8 17. d4 exd4 18. exd4 Nxd4 19. Nxd4 Rxd4 20. Be3 Rd8 21. Rac1 Kb8 22. Bc5 Bd6 23. Ne4 Bxe4 24. Bxe4 Bxc5+ 25. Rxc5 Rhe8 26. Kf1 h6 27. Bf3 Rxe1+ 28. Kxe1 a4 29. Rb5 Rd6 30. Ke2 Kc8 31. h4 g6 32. g4 Re6+ 33. Kf2 Re7 34. Rb4 Rg7 35. Be4 g5 36. fxg5 fxg5 37. h5 Re7 38. Kf3 Re5 39. Bc2 Ra5 40. Bf5+ Kd8 41. Bd3 Rd5 42. Ke4 Rd6 43. Rd4 Rxd4+ 44. Kxd4 c6 45. Bc2 Ke7 46. Bd1 Kd6 47. Ke4 Ke6 48. Kd4 Kd6 49. Ke4 Nc4 50. Kf5 Nxb2 51. Bc2 Nc4 52. Kg6 Ke5 53. Kxh6 Kf6 54. Kh7 Ne3 55. Bxa4 Nxg4 56. Bd1 Ne5 57. Kg8 Nf7 58. Bb3 g4 59. Bd1 c5 60. Kf8 g3 61. Bf3 c4 0-1

[Event "EU-chT U18 "]
[Site "Pardubice"]
[Date "2019.07.13"]
[Round "3.2"]
[White "Derakhshani, Borna"]
[Black "Bugar, Peter"]
[Result "1-0"]
[WhiteElo "2300"]
[BlackElo "2002"]
[PlyCount "85"]
[EventDate "2019.07.11"]
[EventType "team-swiss"]
[EventRounds "7"]
[EventCountry "CZE"]
[SourceTitle "CBM 191 Extra"]
[Source "ChessBase"]
[SourceDate "2019.09.30"]
[SourceVersion "1"]
[SourceVersionDate "2019.09.30"]
[SourceQuality "1"]
[WhiteTeam "England U18"]
[BlackTeam "Slovakia U18 II"]
[WhiteTeamCountry "ENG"]
[BlackTeamCountry "SVK"]

1. Nf3 Nf6 2. b3 b6 3. Bb2 Bb7 4. c4 c5 5. e3 e6 6. Nc3 Be7 7. d4 cxd4 8. exd4 d5 9. Be2 0-0 10. 0-0 Nc6 11. Ne5 Bd6 12. f4 Nxd4 13. Bd3 dxc4 14. Nxc4 Bc5 15. Kh1 Nd5 16. Ne4 Nf5 17. Nxc5 bxc5 18. Bxf5 exf5 19. Qh5 Re8 20. Rad1 Qe7 21. Rd2 Nxf4 22. Qxf5 Qh4 23. Nd6 f6 24. Nxe8 Rxe8 25. Qc2 Re1 26. Qc4+ Bd5 27. Rxd5 Rxf1+ 28. Qxf1 Nxd5 29. Qe2 Kf7 30. h3 Ne7 31. Ba3 Qg5 32. Qc4+ Nd5 33. Qxc5 Qd2 34. Qxa7+ Kg6 35. Bf8 Qe1+ 36. Qg1 Qd2 37. Bc5 Qxa2 38. Qd1 Nc7 39. Qg4+ Kh6 40. Qf4+ g5 41. Qxf6+ Kh5 42. Qf7+ Kh6 43. Bf8# 1-0

[Event "SVK-ch U18/20"]
[Site "Liptovsky Mikulas"]
[Date "2019.04.26"]
[Round "5"]
[White "Bugar, Peter"]
[Black "Sivcak, Matej"]
[Result "1-0"]
[WhiteElo "1951"]
[BlackElo "1901"]
[PlyCount "89"]
[EventDate "2019.04.23"]
[EventType "swiss"]
[EventRounds "9"]
[EventCountry "SVK"]
[SourceTitle "CBM 190 Extra"]
[Source "ChessBase"]
[SourceDate "2019.07.15"]
[SourceVersion "1"]
[SourceVersionDate "2019.07.15"]
[SourceQuality "1"]

1. c4 e5 2. g3 Nc6 3. Bg2 d6 4. Nc3 Be6 5. d3 Qd7 6. e4 g6 7. Nd5 Nd8 8. Bg5 Bg7 9. Ne2 c6 10. Ndc3 f6 11. Be3 Bh3 12. Bxh3 Qxh3 13. Qd2 Nf7 14. f4 Qe6 15. b3 exf4 16. Nxf4 Qg4 17. h3 Qd7 18. d4 Ng5 19. Qg2 Ne6 20. 0-0 Bh6 21. Kh2 Nxf4 22. Bxf4 g5 23. Bd2 Bg7 24. Rae1 h6 25. Qf3 0-0-0 26. b4 Ne7 27. b5 c5 28. dxc5 dxc5 29. Nd5 Nxd5 30. exd5 Rhe8 31. Bc3 Rxe1 32. Rxe1 Re8 33. Re3 Kb8 34. Kg2 b6 35. g4 Re7 36. Kf2 Qd6 37. Rxe7 Qxe7 38. Qe3 Qd7 39. a4 Kb7 40. Qf3 Qd6 41. Kg2 Kc8 42. Be1 Bf8 43. Bg3 Qd8 44. Qf5+ Kb7 45. Qh7+ 1-0

[Event "SVK-ch U18/20"]
[Site "Liptovsky Mikulas"]
[Date "2019.04.25"]
[Round "4"]
[White "Jakab, Bela"]
[Black "Bugar, Peter"]
[Result "1-0"]
[WhiteElo "2324"]
[BlackElo "1951"]
[PlyCount "99"]
[EventDate "2019.04.23"]
[EventType "swiss"]
[EventRounds "9"]
[EventCountry "SVK"]
[SourceTitle "CBM 190 Extra"]
[Source "ChessBase"]
[SourceDate "2019.07.15"]
[SourceVersion "1"]
[SourceVersionDate "2019.07.15"]
[SourceQuality "1"]

1. e4 e6 2. d4 d5 3. Nd2 c5 4. exd5 Qxd5 5. Ngf3 cxd4 6. Bc4 Qd6 7. 0-0 Nf6 8. Nb3 Nc6 9. Nbxd4 Nxd4 10. Nxd4 a6 11. Re1 Qc7 12. Qe2 Bd6 13. Bg5 Bd7 14. Bxe6 0-0-0 15. Bxd7+ Rxd7 16. Nf3 h6 17. Bxf6 gxf6 18. c4 Kb8 19. a3 Rg8 20. b4 Re7 21. Qd3 Be5 22. Rad1 Rg4 23. c5 Re8 24. h3 Rg7 25. Qd7 Reg8 26. Qxc7+ Kxc7 27. g3 Re8 28. Re2 Re6 29. Rde1 Rg8 30. Nxe5 Rge8 31. f4 fxe5 32. fxe5 Kc6 33. Kf2 f6 34. exf6 Rxf6+ 35. Kg2 Ref8 36. Re6+ Kb5 37. Rxf6 Rxf6 38. Re7 Kc6 39. g4 b6 40. cxb6 Kxb6 41. h4 Kb5 42. Re5+ Ka4 43. Ra5+ Kb3 44. g5 Rd6 45. Kf3 h5 46. Ke4 Rc6 47. Kf5 Rc4 48. Rxa6 Rxh4 49. b5 Rc4 50. g6 1-0

[Event "SVK-ch U18/20"]
[Site "Liptovsky Mikulas"]
[Date "2019.04.24"]
[Round "3"]
[White "Bugar, Peter"]
[Black "Varga, Lukas"]
[Result "1-0"]
[WhiteElo "1951"]
[BlackElo "2001"]
[PlyCount "63"]
[EventDate "2019.04.23"]
[EventType "swiss"]
[EventRounds "9"]
[EventCountry "SVK"]
[SourceTitle "CBM 190 Extra"]
[Source "ChessBase"]
[SourceDate "2019.07.15"]
[SourceVersion "1"]
[SourceVersionDate "2019.07.15"]
[SourceQuality "1"]

1. c4 c5 2. Nc3 g6 3. g3 Bg7 4. Bg2 Nc6 5. Nf3 Nf6 6. 0-0 0-0 7. d4 cxd4 8. Nxd4 d6 9. Nxc6 bxc6 10. Bxc6 Rb8 11. Bg2 Be6 12. b3 d5 13. Bf4 Rc8 14. cxd5 Bd7 15. Rc1 Qa5 16. Bd2 Rfd8 17. Rc2 Qa6 18. e4 e6 19. Re1 exd5 20. Nxd5 Nxd5 21. exd5 Bf5 22. Rxc8 Rxc8 23. a4 Bc2 24. Qf3 Qf6 25. Qxf6 Bxf6 26. d6 Bxb3 27. d7 Rd8 28. Re8+ Kg7 29. Bc6 Be6 30. Bc3 Bxd7 31. Rxd8 Bxc6 32. Bxf6+ 1-0

[Event "SVK-chT3A2 1819"]
[Site "Slovakia"]
[Date "2019.03.10"]
[Round "10.1"]
[White "Barca, Michal"]
[Black "Bugar, Peter"]
[Result "0-1"]
[WhiteElo "1752"]
[BlackElo "1979"]
[PlyCount "92"]
[EventDate "2018.10.07"]
[EventType "team-tourn"]
[EventRounds "11"]
[EventCountry "SVK"]
[SourceTitle "EXT 2020"]
[Source "ChessBase"]
[SourceDate "2019.10.17"]
[SourceVersion "1"]
[SourceVersionDate "2019.10.17"]
[SourceQuality "1"]
[WhiteTeam "Hlohovec"]
[BlackTeam "Dunajska Streda II"]
[WhiteTeamCountry "SVK"]
[BlackTeamCountry "SVK"]

1. c4 Nf6 2. Nc3 e6 3. Nf3 d5 4. cxd5 exd5 5. d4 c6 6. g3 Bd6 7. Bg2 0-0 8. 0-0 Re8 9. Re1 Bf5 10. Nd2 Qb6 11. e4 Bg4 12. Qb3 Qxb3 13. Nxb3 dxe4 14. Nxe4 Nxe4 15. Rxe4 Rxe4 16. Bxe4 Nd7 17. Be3 Nf6 18. Bg2 Nd5 19. Bd2 Rd8 20. a3 Be7 21. Re1 Kf8 22. Be3 Bf6 23. h3 Be6 24. Nc5 Bc8 25. Ne4 Be7 26. Rc1 f5 27. Nc3 Nxc3 28. Rxc3 Bf6 29. Rd3 a6 30. Rd2 Be6 31. f4 Bd5 32. g4 g6 33. Kf2 Bxg2 34. Kxg2 Rd5 35. g5 Bg7 36. h4 c5 37. dxc5 Rxd2+ 38. Bxd2 Bxb2 39. Bb4 Kf7 40. Kf2 Ke6 41. Ke3 Kd5 42. a4 Bd4+ 43. Kd3 Bf2 44. Ke2 Bxc5 45. Bd2 Ke4 46. a5 Bd6 0-1

[Event "SVK-chT4 A22 1819"]
[Site "Slovakia"]
[Date "2019.02.03"]
[Round "8.2"]
[White "Meszaros, Lorant"]
[Black "Bugar, Peter"]
[Result "1-0"]
[WhiteElo "1931"]
[BlackElo "1992"]
[PlyCount "85"]
[EventDate "2018.10.14"]
[EventType "team-tourn"]
[EventRounds "11"]
[EventCountry "SVK"]
[SourceTitle "EXT 2020"]
[Source "ChessBase"]
[SourceDate "2019.10.17"]
[SourceVersion "1"]
[SourceVersionDate "2019.10.17"]
[SourceQuality "1"]

1. d4 Nf6 2. c4 c5 3. d5 e6 4. Nc3 exd5 5. cxd5 d6 6. g3 g6 7. Bg2 Bg7 8. Nf3 0-0 9. 0-0 Re8 10. Bf4 a6 11. a4 b6 12. Re1 Ne4 13. Nxe4 Rxe4 14. Qd2 Bb7 15. h4 Rb4 16. Ra2 b5 17. e4 bxa4 18. e5 dxe5 19. Nxe5 Rd4 20. Qc2 Bf8 21. Rxa4 Nd7 22. Rxd4 cxd4 23. Qe4 Bc5 24. Nxd7 Qxd7 25. Qe5 Rd8 26. Bh6 f5 27. Bg5 Rc8 28. h5 Bb4 29. Rd1 Bc5 30. hxg6 hxg6 31. Re1 Qd6 32. Qxd6 Bxd6 33. Re6 d3 34. Rxd6 Rc2 35. Rd8+ Kf7 36. Rd7+ Kf8 37. Rxb7 d2 38. Bxd2 Rxd2 39. Bf3 g5 40. g4 fxg4 41. Bxg4 Rxd5 42. b3 Rd2 43. Be6 1-0

[Event "SVK-chT4 A22 1819"]
[Site "Slovakia"]
[Date "2018.10.28"]
[Round "2.5"]
[White "Drahos, Miroslav"]
[Black "Bugar, Peter"]
[Result "0-1"]
[WhiteElo "1707"]
[BlackElo "1992"]
[PlyCount "60"]
[EventDate "2018.10.14"]
[EventType "team-tourn"]
[EventRounds "11"]
[EventCountry "SVK"]
[SourceTitle "EXT 2020"]
[Source "ChessBase"]
[SourceDate "2019.10.17"]
[SourceVersion "1"]
[SourceVersionDate "2019.10.17"]
[SourceQuality "1"]

1. e4 e6 2. d4 d5 3. Nd2 c5 4. Ngf3 cxd4 5. exd5 Qxd5 6. Bc4 Qd6 7. 0-0 Nf6 8. Nb3 Nc6 9. Nbxd4 Nxd4 10. Nxd4 a6 11. c3 Qc7 12. Bb3 Bd6 13. h3 0-0 14. Bc2 Rd8 15. Qf3 Be5 16. Ne2 Bd7 17. Bf4 Bc6 18. Bxe5 Qxe5 19. Qe3 Qxe3 20. fxe3 Rd2 21. Bd1 e5 22. b3 Rad8 23. Re1 R8d3 24. Kf1 Nd5 25. Ng1 Nxe3+ 26. Rxe3 Rxe3 27. Nf3 Bxf3 28. Bxf3 e4 29. Re1 Rxe1+ 30. Kxe1 exf3 0-1

[Event "SVK-chT3A2 1819"]
[Site "Slovakia"]
[Date "2018.10.21"]
[Round "2.5"]
[White "Sadlon, Juraj"]
[Black "Bugar, Peter"]
[Result "0-1"]
[WhiteElo "1909"]
[BlackElo "1979"]
[PlyCount "76"]
[EventDate "2018.10.07"]
[EventType "team-tourn"]
[EventRounds "11"]
[EventCountry "SVK"]
[SourceTitle "EXT 2020"]
[Source "ChessBase"]
[SourceDate "2019.10.17"]
[SourceVersion "1"]
[SourceVersionDate "2019.10.17"]
[SourceQuality "1"]
[WhiteTeam "Senica CVC"]
[BlackTeam "Dunajska Streda II"]
[WhiteTeamCountry "SVK"]
[BlackTeamCountry "SVK"]

1. e4 e6 2. d4 d5 3. exd5 exd5 4. Bd3 c5 5. dxc5 Bxc5 6. Nf3 Nf6 7. 0-0 0-0 8. h3 Qc7 9. Nbd2 Qg3 10. Nh2 Bxh3 11. Qf3 Qxf3 12. Ndxf3 Be6 13. c3 Nc6 14. Re1 h6 15. Be3 Bxe3 16. Rxe3 Rfe8 17. Rae1 Bd7 18. Ne5 Nxe5 19. Rxe5 Rxe5 20. Rxe5 Re8 21. Rxe8+ Nxe8 22. Nf3 Nd6 23. Nd4 Kf8 24. Kf1 Ke7 25. Ke2 Nc4 26. b3 Ne5 27. Bc2 a6 28. Nf5+ Kf6 29. Nd6 b6 30. f4 Ng6 31. g3 Ne7 32. Bd3 Ke6 33. Nb7 Nc6 34. Bxa6 Nb8 35. Nd8+ Ke7 36. Bb7 Kxd8 37. Bxd5 Ke7 38. Kd3 Bc6 0-1

[Event "EU-chT U18"]
[Site "Rymanow Zdroj"]
[Date "2017.08.23"]
[Round "6.10"]
[White "Varney, Zoe"]
[Black "Bugar, Peter"]
[Result "1-0"]
[WhiteElo "2005"]
[BlackElo "1807"]
[PlyCount "83"]
[EventDate "2017.08.17"]
[EventType "team-swiss"]
[EventRounds "7"]
[EventCountry "POL"]
[SourceTitle "CBM 180 Extra"]
[Source "ChessBase"]
[SourceDate "2017.10.06"]
[SourceVersion "1"]
[SourceVersionDate "2017.10.06"]
[SourceQuality "1"]
[WhiteTeam "England U18"]
[BlackTeam "Slovakia U18 III"]
[WhiteTeamCountry "ENG"]
[BlackTeamCountry "SVK"]

1. d4 Nf6 2. c4 c5 3. d5 e6 4. Nc3 exd5 5. cxd5 d6 6. e4 g6 7. f4 Bg7 8. Bb5+ Nfd7 9. a4 0-0 10. Nf3 Re8 11. Qc2 Na6 12. Bxa6 bxa6 13. 0-0 Rb8 14. Nd2 Bd4+ 15. Kh1 Nf6 16. Ra3 Bg4 17. Qd3 Nh5 18. Nf3 Bg7 19. Re1 Bxf3 20. Qxf3 Bd4 21. Rf1 Qe7 22. Re1 Nf6 23. e5 dxe5 24. fxe5 Bxe5 25. Bg5 Qd6 26. Rf1 Rb7 27. Raa1 Nh5 28. g4 Ng7 29. Ne4 Qb6 30. Rae1 Rc8 31. d6 Rd7 32. Bf6 Bxd6 33. Bxg7 Kxg7 34. Qf6+ Kg8 35. Rd1 Rcd8 36. Nxd6 Rxd6 37. Qxf7+ Kh8 38. Rde1 Qc6+ 39. Kg1 R6d7 40. Re8+ Rxe8 41. Qxe8+ Kg7 42. Qf8# 1-0

[Event "Banska Stiavnica V4 op"]
[Site "Banska Stiavnica"]
[Date "2017.07.08"]
[Round "1"]
[White "Urhegyi, Marton"]
[Black "Bugar, Peter"]
[Result "1-0"]
[WhiteElo "2267"]
[BlackElo "1904"]
[PlyCount "53"]
[EventDate "2017.07.08"]
[EventType "swiss"]
[EventRounds "9"]
[EventCountry "SVK"]
[SourceTitle "CBM 179 Extra"]
[Source "ChessBase"]
[SourceDate "2017.08.23"]
[SourceVersion "1"]
[SourceVersionDate "2017.08.23"]
[SourceQuality "1"]

1. e4 e6 2. d4 d5 3. Nd2 c5 4. exd5 Qxd5 5. Ngf3 cxd4 6. Bc4 Qd6 7. 0-0 Nf6 8. Nb3 Nc6 9. Nfxd4 Nxd4 10. Nxd4 a6 11. c3 Qc7 12. Bd3 Bd6 13. h3 0-0 14. Bg5 Nd5 15. Qh5 f5 16. Qe2 Qf7 17. Rad1 Qg6 18. Bc1 Nf4 19. Bxf4 Bxf4 20. Bc4 Rf6 21. Rfe1 Kf7 22. Nf3 Ke7 23. Qd3 Qe8 24. Qd4 Bb8 25. Ng5 Qg8 26. Qc5+ Ke8 27. Qxc8+ 1-0